000 00797nam a2200253Ia 4500
003 OSt
005 20221005034817.0
006 a|||||r|||| 00| 0
007 ta
008 221004b |||||||| |||| 00| 0 urd d
020 _a9789350735237 (hbk)
_c200
024 _a20407
037 _b7716, 27/03/2015, Educational Publishing House
_cTextual
040 _aCRL
_cCRL
_burd
041 _2urd
_aurd
082 _aY2, 168Q4
100 _aKhair Wasiqul Au.
_9587050
245 0 _aKhandan ki badalti tasweer
_basbab wa muharrikat
260 _aDelhi
_bEducational Pulbishing House India
_c2014
300 _a175p.
_ccm.
650 _aSOCIOLOGY
942 _hY2, 168Q4
_cTEXL
_2cc
999 _c944117
_d944117